Statistics for Asian Tour

Click here to take the quiz!

General Stats

  • This quiz has been taken 24 times
  • The average score is 11 of 15

Answer Stats

Move to the neighbor...Country% Correct
whose two official languages
are Pashto and Dari
Afghanistan
100%
with both a Caspian Sea
and an Indian Ocean coastline
Iran
100%
whose largest city
is Karachi
Pakistan
100%
whose area is 70% occupied
by the Karakum Desert
Turkmenistan
95%
where the city of
Samarkand is located
Uzbekistan
89%
whose anthem is translated to:
March of the Volunteers
China
84%
which is the world's
largest landlocked country
Kazakhstan
84%
which has the world's only
non-quadrilateral national flag
Nepal
84%
which was once
East Pakistan
Bangladesh
79%
with the 2nd highest GDP
(nominal)
India
79%
whose highest point is
Hkakabo Razi (5,881 metres/9,295 ft)
Myanmar
53%
with the Kingdom of a Million Elephants
Under the White Parasol as precursor
Laos
47%
formerly known
as Siam
Thailand
47%
where Angkor Wat
is located
Cambodia
37%
whose currency is
the Dong
Vietnam
37%

Score Distribution

Percentile by Number Answered

Percent of People with Each Score

Your Score History

You have not taken this quiz